| 000 | 01569nam0a22003611 4500 | ||
|---|---|---|---|
| 001 | rc\2572703 | ||
| 005 | 20260406105034.0 | ||
| 035 | _a(NLR Aleph) 006737408 | ||
| 090 |
_a5608157 _c5608157 |
||
| 100 | _a20110914d1928 |||y0rusy50 ca | ||
| 101 | 0 | _arus | |
| 102 | _aRU | ||
| 105 | _aa z 000yy | ||
| 200 | 1 |
_aВеликаны океана _eкиты и китобойный промысел |
|
| 210 |
_aМосква _aЛенинград _cГосударственное изд-во _d1928 _eМосква _gтип. "Красный пролетарий" |
||
| 215 |
_a95 с. _cил., черт. _d20х13 см. |
||
| 225 | 1 | _aНачатки науки | |
| 300 | _aОбложка: I. R. [И. Рерберг] | ||
| 320 | _aБиблиогр. в подстроч. примеч. | ||
| 606 | 1 |
_aКиты _9961243 _3RU\NLR\AUTH\66359068 |
|
| 606 | 1 |
_aКитобойный промысел _91112265 _3RU\NLR\AUTH\66439504 |
|
| 617 |
_oАрктика _mСеверный Ледовитый океан |
||
| 617 |
_mДальний Восток _mТихий океан |
||
| 686 | _aЕ693.363.9 | ||
| 686 | _aП731.5 | ||
| 700 | 1 |
_8rus _7ca _aЛьвов _bВ. Н. _cписатель, географ _f1869-1939 _gВладимир Николаевич _3RU\NLR\AUTH\7799226 _982152 |
|
| 702 | 1 |
_8rus _7ca _aРерберг _bИ. Ф. _cхудожник-график _f1892-1957 _gИван Федорович _3RU\NLR\AUTH\7799493 _982419 |
|
| 801 | 0 |
_aRU _bNLR _gpsbo |
|
| 801 | 1 |
_aRU _bELAR _2rusmarc |
|
| 801 | 2 |
_aRU _bNLR _c20140616 _2rusmarc |
|
| 852 |
_aNLR _j46/64 |
||
| 942 | _cBOOK | ||
| 980 | _aNB | ||